The big book of APA citations and references / (Record no. 2604)

MARC details
000 -LEADER
fixed length control field 00776nam a22002537a 4500
003 - CONTROL NUMBER IDENTIFIER
control field OSt
005 - DATE AND TIME OF LATEST TRANSACTION
control field 20251128164429.0
008 - FIXED-LENGTH DATA ELEMENTS--GENERAL INFORMATION
fixed length control field 251128b |||||||| |||| 00| 0 eng d
020 ## - INTERNATIONAL STANDARD BOOK NUMBER
International Standard Book Number 9781499152289
020 ## - INTERNATIONAL STANDARD BOOK NUMBER
International Standard Book Number 1499152280
040 ## - CATALOGING SOURCE
Original cataloging agency MY-RPA
Language of cataloging eng
Transcribing agency MY-RPA
Description conventions rda
050 ## - LIBRARY OF CONGRESS CALL NUMBER
Classification number LB2369
Item number .M38 2014
245 ## - TITLE STATEMENT
Title The big book of APA citations and references /
Statement of responsibility, etc. Scott Matkovich.
250 ## - EDITION STATEMENT
Edition statement 6th edition
260 ## - PUBLICATION, DISTRIBUTION, ETC.
Name of publisher, distributor, etc. You Versus The World,
Date of publication, distribution, etc. 2014
300 ## - PHYSICAL DESCRIPTION
Extent 225 pages
650 ## - SUBJECT ADDED ENTRY--TOPICAL TERM
Topical term or geographic name entry element Medical nursing
General subdivision Bibliography.
650 ## - SUBJECT ADDED ENTRY--TOPICAL TERM
Topical term or geographic name entry element Medical research
General subdivision Methodology.
650 ## - SUBJECT ADDED ENTRY--TOPICAL TERM
Topical term or geographic name entry element Psychology
General subdivision Study and teaching.
650 ## - SUBJECT ADDED ENTRY--TOPICAL TERM
Topical term or geographic name entry element Psychology
General subdivision Bibliography.
650 ## - SUBJECT ADDED ENTRY--TOPICAL TERM
Topical term or geographic name entry element Reference books
General subdivision Authorship.
650 ## - SUBJECT ADDED ENTRY--TOPICAL TERM
Topical term or geographic name entry element Academic writing
General subdivision Handbooks, manuals, etc.
942 ## - ADDED ENTRY ELEMENTS (KOHA)
Source of classification or shelving scheme Library of Congress Classification
Koha item type Book
Holdings
Withdrawn status Lost status Source of classification or shelving scheme Damaged status Not for loan Home library Current library Shelving location Date acquired Total Checkouts Full call number Barcode Date last seen Price effective from Koha item type
    Library of Congress Classification     MILA University Central Library MILA University Central Library General Stacks 28/11/2025   LB2369 .M38 2013 0003566 28/11/2025 28/11/2025 Book
   
  Powered by CD Solutions Sdn Bhd